000 00389nam a2200121Ia 4500
008 220616s9999||||xx |||||||||||||| ||und||
245 0 _aDystonia
_bDifferent Prospects
546 _aEnglish[eng]
650 _aNeurology & clinical neurophysiology
700 _aMohamed Gaber Rizk, Tamer
856 _uhttps://mts.intechopen.com/storage/books/6955/authors_book/authors_book.pdf
942 _cEB
999 _c20292
_d20292